MDQL
is popping MORE tags! Check the
thread
!
Quizzes
Events
Quiz Creation
Community
Videos
Private Events
Remove Ads
Sign In
Join for FREE
Feedback
Dark Mode
Quiz Categories
Sports
Geography
Music
Movies
Television
Just For Fun
Miscellaneous
History
Literature
Language
Science
Gaming
Entertainment
Religion
Holiday
For Kids
Quiz Lab
Recent
Popular Today
Quiz Kudos Today
Editor Picks
Curator Picks
Quizzes by...
Day
Popularity
Type
Ratings
Length
Year
Community
Subscriptions
Recent Discussions
Orange Saloon
Badges
Playlists
Quests
Create
Leaderboards
Showdown
Live 5
Trivia Bingo
Activity
Puzzle Library
Sporcle Events
Private Events
Virtual Trivia
Globe League
Become a Host
Pub Owners
SporcleCon
Opinionation
Our Games
Videos
Blog
Mobile Apps
Partnerships
Remove Ads and Go Orange
Feedback
Sports
Athletes
MLB
NBA
NHL
NFL
Soccer
Sports Teams
WWE
NCAA
Football
Premier League
Basketball
Baseball
Hockey
Golf
Tennis
Cricket
Rugby
Auto Racing
Olympics
World Cup
Sports
Athletes
MLB
NBA
NHL
NFL
Soccer
Sports Teams
WWE
NCAA
Football
Premier League
Basketball
Baseball
Hockey
Golf
Tennis
Cricket
Rugby
Auto Racing
Olympics
World Cup
Random Quiz
Search Sporcle
×
Quiz Lab
Quiz Lab
Sports
WWE
Select answers by clicking on text or image buttons
Select answers by clicking on text or image buttons
Clickable
Best Score? Go Orange.
Non-US WWE Superstars Stats
Can you choose the wrestlers who's billed hometown is outside of the US?
By
QuizBeaver
6m
27 Questions
365 Plays
365 Plays
365 Plays
Comments
Comments
Give Quiz Kudos
Give Quiz Kudos
-
- Ratings
hide this ad
More Info
Replay
Link that replays current quiz
Next Quiz
Link to next quiz in quiz playlist
You Got
0%
They Got
Avg Score
79%
Avg Friend Score
Upgrade to see
Score Distribution
Jump to the score distribution portion of the page
Score
0/27
Timer
06:00
0
Plays Today
% Correct
Cesaro
95.1%
Asuka
95.1%
Andre the Giant
93.1%
Jinder Mahal
92%
Rusev
90.4%
Becky Lynch
89.6%
Sheamus
89%
Chris Jericho
88.7%
Finn Balor
87.9%
Natalya
85.4%
Neville
85.4%
Paige
84.9%
Kofi Kingston
83.5%
Sami Zayn
83.5%
% Correct
Yokozuna
81.6%
Maryse
81%
Kevin Owens
80.8%
Kalisto
79.9%
Lana
76.1%
Killian Dain
74.2%
Pedro Morales
72.3%
Tyler Bate
71.2%
Bobby Roode
70.3%
Rikidōzan
67.3%
Tye Dillinger
57.4%
Max Moon
42%
Bearcat Wright
42%
Quiz Playlist
Details
Report
Send in Message
Add To Playlist
More Info:
Hometown info from WWE.com.
Clickable:
Select answers by clicking on text or image buttons
Last Updated: Jul 5, 2017
Quiz Scoreboard
CHALLENGE
Sign Up to Join the Scoreboard
Show All
Scores
Hide
Comments
May contain spoilers
Recently Published
Holiday 10x10 Sorting Gallery
by lukepisani3
Holiday
15m
Two Season TV Shows II
by 123Four
Television
10m
Image Sorting: Flags VI
by Barbecue
Geography
2m
More to Explore
Quiz From the Vault
Featured Blog Post
14 Easter Pick-up Lines to Find Eggs With
hide this ad
You Might Also Like...
Tags
WWE Quiz
Today's Top Quizzes in Sports
Browse Sports
hide this ad
Today's Top Quizzes in WWE
Browse WWE
Top Contributed Quizzes in Sports
1
Les meilleurs buteurs des matchs entre le PSG et l’OM
2
Les entraîneurs de l'OM et du PSG au 21e siècle
3
2022 World Cup Stars
4
Les joueurs passés par le PSG et l'OM
5
Players with Multiple 50 Home Run Seasons
6
FIFA Club World Cup Champions
7
Top 10 NHL Goal Scorers of All Time
8
Les joueurs passés par le LOSC et le RC Lens
9
Criteria MLB: Left Handed Sluggers
10
2023 MLB Unique Player Accomplishments
Explore More
Trending Topics
Harry Potter
Crossword
Kpop
Disney
NBA
Anime
Marvel
Pokémon
NFL
Puzzle
WWE
Soccer
Song
The Office
Country
hide this ad
More By:
QuizBeaver
Quiz
Plays
Rating
Category
Featured
Created
Rainbow Six Siege Operators by Picture
52,407
4.29
Gaming
Jul 7, 2017
Rainbow Six Siege Operators by Ability
19,710
4.06
Gaming
Sep 23, 2016
WWE Champions of 2018
17,962
4.48
Sports
Jan 1, 2018
WWE United States Champions
16,575
4.60
Sports
May 2, 2017
WWE Champions of 2019
13,802
4.93
Sports
Jan 8, 2019
Go to Creator's Profile
Score Distribution
Quiz Creator Spotlight
QuizBeaver
Follow
Send a Message
Quizzes Created
-
Created Quiz Play Count
-
More By This Creator
Popular Quizzes Today
1
Find the US States - No Outlines Minefield
2
Colored Red Africa Blitz
3
Find the 'City' Movie
4
The Countries of the World
5
5x2 Blitz: Bands
6
Find the Countries of Europe - No Outlines Minefield
7
Find the US States
8
US States
More Sports Quizzes
BDO Darts World Champions
Quiz Lab
Trending Quizzes
Colored Red Europe Blitz I
Colored Red Europe Blitz II
Colored Red Africa Blitz II
Even More Two Season TV Shows
Colored Red Africa Blitz III
Recently Updated
Odd Team Out - Big 4 Players
pecheneg
Quick Pick: 20 Twenties
pecheneg
March Madness Men's Triple Doubles
pecheneg
How Do You Spell That?
pecheneg
Godzilla Movies
pecheneg
Grab Bag: 4-10 Letters
pecheneg
2024 March Madness Bracket
pecheneg
Famous TV Couples
Peacemaker
Champions League XIs: Real Madrid
pecheneg
Largest US Cities 1790-2010
pecheneg
Trending Topics
Marvel
Harry Potter
Anime
Kpop
Disney
NBA
Crossword
WWE
NFL
Pokémon
Country
Song
Puzzle
Soccer
The Office
Your Account Isn't Verified!
In order to create a playlist on Sporcle, you need to verify the email address you used during registration. Go to your
Sporcle Settings
to finish the process.
Report this User
Report this user for behavior that violates our
Community Guidelines
.
Details:
Send Report
Go to the Sporcle.com Mobile Site →
Comments